| 000 | 00556nab#a2200205#c#4500 | ||
|---|---|---|---|
| 999 |
_c19171 _d19171 |
||
| 003 | IEF | ||
| 005 | 20191205104628.0 | ||
| 008 | 950704s1976 uuu|| #####0 b| |u | ||
| 040 |
_aIEF _cES-MaIEF |
||
| 100 | 1 |
_aUcieda Arcas, José Luis _944340 |
|
| 245 |
_aLa problemática contable en la empresa _c José Luis Ucieda Arcas |
||
| 260 | _c1976 | ||
| 500 | _aBibliografía | ||
| 650 | 4 |
_aEMPRESAS _943504 |
|
| 650 | 4 |
_aCONTABILIDAD _940740 |
|
| 773 | 0 |
_tHacienda pública española _w34570 _g39, p. 47-82 |
|
| 942 | _2udc | ||
| 942 | _2udc | ||